00984cam a22003254a 450000100090000000300040000900500170001300800410003001000170007102000280008802000250011602000280014102000250016902000360019402000360023002000310026602000280029702000180032502000150034304000130035805000190037110000270039024500280041724600240044525000350046926000560050430000310056050000510059165000160064215574420OSt20170121154521.0090105s2010 ohua b 001 0 eng  a 2009920121 a9780324787122 (package) a032478712X (package) a9780324787139 (textbk.) a0324787138 (textbk.) a9780324787115 (bindin se cards) a9781439039748 (bindin ie cards) a9781439039724 (IE package) a1439039720 (IE package) a9781439039731 a1439039739 aDLCcDLC00aHD31 .W55 20101 aWilliams, Chuck,d201010aMGMT /cChuck Williams.3 aChuck Williams MGMT aStudent ed., 2nd 2009-2010 ed. aMason, OH :bSouth-Western Cengage Learning,c2010. aix,374p.;b ill. ;c28 cm. aincludes bibliographical references and index. 0aManagement.